Nationality of Ballon d'Or Winners - Statistics

General Stats
  • This quiz has been taken 32 times
  • The average score is 15 of 19
Answer Stats
Total Players Country % Correct
8 1 Argentina
100%
5 4 England
100%
8 6 France
100%
5 5 Italy
100%
4 3 Spain
100%
5 4 Brazil
96%
7 5 Germany
96%
7 3 Portugal
93%
7 3 Netherlands
89%
1 1 Croatia
82%
1 1 Denmark
71%
3 3 Soviet Union
64%
1 1 Scotland
61%
1 1 Ukraine
61%
1 1 Hungary
57%
1 1 Liberia
54%
2 2 Czech Republic
50%
1 1 Bulgaria
43%
1 1 Northern Ireland
43%
No matching quizzes found
Score Distribution
Percent of People with Each Score
Percentile by Number Answered
Your Score History
You have not taken this quiz